Noms de famille célèbres n°3 - Statistiques

Statistiques générales
  • Ce quiz a été pris 219 fois
  • Le résultat moyen est 6 sur 12
Statistiques - réponses
Prénoms Nom de famille % Correct
Janet, Samuel L. Michael, Jackson
82%
Plastic, Xavier, Claude Bertrand
81%
Barbara, Jeb, George W. Bush
79%
Francis Ford, Sofia, Gia, Ivana Coppola
78%
Ray, Jean-François, Gregory, Charles
65%
Céline, Jules-Albert de, Renaud Dion
60%
Jean-Jacques, Robert, Dorothée Janin- Goldman
49%
Eden, Thierry, Thorgan Hazard
41%
Jean Louis, Raphaël, Jeanne, Georges Aubert
35%
François, Gilbert, Frédéric, Henri Mitterrand
30%
Michel, Romain, Davy, Valentin, Fernand Sardou
29%
Daniel, Romain, Justine Levy
13%
Aucun quiz correspondant
Distribution des résultats
% des personnes avec chaque résultat
Percentile par nombre de réponses
Votre historique - résultats
Vous n’avez pas pris ce quiz